000 00554nam a22001817a 4500
999 _c7621
_d7621
003 GBCCL
005 20241126110632.0
008 180904b ||||| |||| 00| 0 eng d
040 _cgbc
082 _a228.06
_bGAE
100 _aGaebelein, Arno Clemens
_913435
245 _aThe Revelation :
_ban analysis and exposition of the last book of the Bible
260 _c1915.
_aNew York:
_bOur hope,
300 _a225 pages ;
_b21 cm
650 _aBible. -- Revelation -- Prophecies.
_913436
650 _aBible. -- Revelation.
_913437
942 _2ddc
_cBK
_02